00794nam a22002417a 45000010005000000030006000050050017000110080041000280200018000690400029000870500019001160820011001351000028001462450059001742600040002333000023002734900027002965050007003235200155003305210018004855210018005036500031005219104FISKH20251128083312.0251120b cb ||||| |||| 00| 0 eng d a9780590732840 aFISKHbengcFISKHdFISKH aPZ7.M3567585 S a813.54 aMartin, Ann M. eAuthor aStacey and the mystery of stoneybrook /cAnn M. Martin aNew York :bScholastic Inc. ,c1990 a139 pages :c20 cm aBaby-sitters clubv#35 aR  aThe Baby-sitters Club investigates the terrible noises coming from the old Hennessey place, which is sitting on top of a graveyard and may be haunted.8 a750 bLexile 8 aR bRaz-Plus  aChildren'svHaunted houses